000 00700nas a2200265 4500
001 BR8703633
003 BR-BrBNA
005 20231205090702.0
007 ta
008 230509b bl.|||p| |||| 00| 00por d
040 _aBR-BrBNA
_bpor
_cBiblioteca Nacional de Agricultura
041 _a(Pt)
072 _aL73
100 1 _aCarneiro, M.V.
245 1 _aDoencas de veiculacao hidrica em bovinos
650 _aBOVINO
650 _aLEPTOSPIROSE
650 _aTUBERCULOSE
650 _aBRUCELOSE
650 _aSALMONELOSE
650 _aCOLIBACILOSE
773 0 _tIESACAO (Brazil)
_x
_g(Aug 1980), (no. 3) p. 5
_wBR8703633
909 _a202311
_bLúcia
_c55
_dLúcia Elande
942 _2AGRIS
_n0
_cANA
999 _c120251
_d120251